000 00846nam a2200229Ii 4500
003 JO-AjNU
008 230605s9999||||xx |||||||||||||| ||und||
017 _a2002/18445
020 _a977-322-099-0
040 _aJO-AjNU
_bara
_erda
_cJO-AjNU
041 _aara
050 1 4 _aD157.B3412 2003
100 3 _aتاليف بالار، ميشيل؛ ترجمة السباعي، بشير,
_eauthor
_910706
245 0 0 _aالحملات الصليبية والشرق اللاتيني من القرن الحادي عشر الى القرن الرابع عشر
250 _aط1
264 3 1 _aالقاهرة: عين للدراسات والبحوث الانسانية، 2003
300 _a392ص
336 _atext
_btxt
_2rdacontent
337 _aunmediated
_bn
_2rdamedia
338 _avolume
_bnc
_2rdacarrier
650 4 _aحروب عالمية
_910707
999 _aA1944
_c5512
_d5512